000 00569cam a22002053a 4500
001 36198
003 PGUSA
005 20140828083800.0
008 110523s2011||||xxu|||||s|||||000 | eng d
040 _aPGUSA
_beng
042 _adc
100 1 _aWhitaker, Herman
245 1 4 _aThe Mystery of The Barranca
_h[electronic resource] /
_cHerman Whitaker
260 _bProject Gutenberg,
_c2011
506 _aPublic domain in the USA.
516 _aElectronic text
830 0 _aProject Gutenberg
_v36198
856 4 0 _uhttp://www.gutenberg.org/ebooks/36198
942 _cEB
999 _c265453
_d265453